000 00513nam a2200169Ia 4500
008 090201s9999 xx 000 0 und d
010 _aKPL-58056
040 _bमराठी
041 _aमराठी
082 _a7374
_b58056
100 _aयशवंत राजंणकर
245 _aसौदा
_cयशवंत राजंणकर
260 _c2004
_bएस.के.पब्लिशिंग हाऊस
300 _a160
_bमोठा
600 _aसौदा
942 _cBOOK
999 _c208105
_d208105